000 00633nam a2200265Ia 4500
005 20260121165015.0
008 008 260114s9999 xx 000 0 eng d
020 _a9781137501219
037 _aEBOOK
040 _aCRL
040 _beng
040 _cCRL
041 _2eng
041 _aeng
084 _qCRL
100 _aGordon R. Foxall
_91046377
245 0 _aPerspectives on Consumer Choice
260 _bSpringer
260 _bSpringer
260 _c2016
856 _uhttps://link.springer.com/openurl?genre=book&isbn=978-1-137-50121-9
942 _cEBOOK
999 _c1612102
_d1612102